00538nam a22001577a 450000500170000000800410001702000180005804100080007608200160008410000180010024500760011826000400019430000220023436500250025650000990028120240304153246.0240304b |||||||| |||| 00| 0 eng d a9789392208959 aeng a712.36bMAH aMaheshwari D. aIndian Plantarum: A Compendium Of Phytogeographic Zones And Plant Lists aAhmedabadbYear Of Publishingc2023 a263pbHbc19 x 25 aINRb2600.00cRupaye aStatewise Phytogeographic Zones And Subzones Plant List For Phytogeographic Zones And Subzones